000 00660nam a2200265Ia 4500
005 20260121170657.0
008 008 260114s9999 xx 000 0 eng d
020 _a9783319941325
037 _aEBOOK
040 _aCRL
040 _beng
040 _cCRL
041 _2eng
041 _aeng
084 _qCRL
100 _aJesús A. Álvarez López, Alberto Candel
_91066804
245 0 _aGeneric Coarse Geometry of Leaves
260 _bSpringer
260 _bSpringer
260 _c2018
856 _uhttps://link.springer.com/openurl?genre=book&isbn=978-3-319-94132-5
942 _cEBOOK
999 _c1632534
_d1632534